| 000 | 00919cam a2200145ua 4500 | ||
|---|---|---|---|
| 041 |
_aeng _h |
||
| 082 |
_a693.28 _bIND/CO |
||
| 110 | 1 |
_aIndian standards institution . _bISI _c() |
|
| 245 |
_aCode of practice for construction of light weight concrete block masonary ,IS:6042-1969 / _cIndian standards institution. _hTextual Documents |
||
| 260 |
_a : _bISI , _c1971. |
||
| 300 | _a22 ; . | ||
| 504 | _a | ||
| 942 | _cBK | ||
| 999 |
_c4166 _d4166 |
||